| 000 | 00779nam a22002177a 4500 | ||
|---|---|---|---|
| 999 |
_c11209 _d11209 |
||
| 003 | AR-CdUCM | ||
| 008 | 190403b ||||| |||| 00| 0 spa d | ||
| 040 |
_aMUNICIPALIDAD PROVINCIAL DEL CUSCO _cBIBLIOTECA MUNICIPAL DEL CUSCO |
||
| 082 |
_a347.51 / _bM798 / 1967 |
||
| 100 |
_aMontoya Manfredi, Ulises _927490 |
||
| 245 | _aComentarios a la ley de sociedades mercantiles / | ||
| 260 |
_aLima : _bde la Universidad Nacional Mayor de San Marcos _c1967. |
||
| 300 |
_a640 páginas ; _c25 cm. |
||
| 505 | _aContenido: Disposiciones generales -- Dela sociedad colectiva -- De la sociedad comandita simple ... | ||
| 650 |
_aSociedades comerciales _98648 |
||
| 650 |
_aSiglo XX _98 |
||
| 650 |
_aLegislación _92962 |
||
| 650 |
_aPerú _935 |
||
| 942 |
_2ddc _cLIBROS |
||
| 945 | _acmm | ||